logo

Bir Sreshtho Munshi Abdur Rouf Library
Jhenaidah Cadet College

Physical chemistry of iron and steel manufacture (Record no. 8232)

MARC details
000 -LEADER
fixed length control field 00882nam a2200313 4500
001 - CONTROL NUMBER
JCCL Control Number 8232
003 - CONTROL NUMBER IDENTIFIER
JCCL marc code BD-JhCC
005 - DATE AND TIME OF LATEST TRANSACTION
control field 20180220094228.0
008 - FIXED-LENGTH DATA ELEMENTS--GENERAL INFORMATION
fixed length control field 730206s1972 enka b 001 0 eng
020 ## - INTERNATIONAL STANDARD BOOK NUMBER
International Standard Book Number 0582441161
035 ## - SYSTEM CONTROL NUMBER
system control number (BD-JhCC)8232
040 ## - CATALOGING SOURCE
Original cataloging agency DLC
Transcribing agency DLC
Modifying agency DLC
-- BD-JhCC
041 ## - LANGUAGE CODE
Language code of Book eng
050 00 - LIBRARY OF CONGRESS CALL NUMBER
Classification number TN707
Item number .B6 1972
082 00 - DEWEY DECIMAL CLASSIFICATION NUMBER
Classification number 669/.96/1
Author mark and Year BOD 1972
100 1# - MAIN ENTRY--PERSONAL NAME
Personal name Bodsworth, Colin.
245 10 - TITLE STATEMENT
Title Physical chemistry of iron and steel manufacture
Statement of responsibility, etc [by] C. Bodsworth.
250 ## - EDITION STATEMENT
Edition statement 2nd ed.,
260 ## - PUBLICATION, DISTRIBUTION, ETC. (IMPRINT)
Place of publication, distribution, etc London,
Name of publisher, distributor, etc Longman,
Date of publication, distribution, etc 1972.
300 ## - PHYSICAL DESCRIPTION
Pagination xvi, 529 p.
Other physical details illus.
Dimensions 23 cm.
350 ## - PRICE (NR) (BK AM CF MU VM SE) [OBSOLETE]
Price £10.95
504 ## - BIBLIOGRAPHY, ETC. NOTE
Bibliography, etc Includes bibliographical references.
650 #0 - SUBJECT ADDED ENTRY--TOPICAL TERM
Topical term or geographic name as entry element Iron
General subdivision Metallurgy.
650 #0 - SUBJECT ADDED ENTRY--TOPICAL TERM
Topical term or geographic name as entry element Steel
General subdivision Metallurgy.
650 #0 - SUBJECT ADDED ENTRY--TOPICAL TERM
Topical term or geographic name as entry element Chemistry, Physical and theoretical.
700 1# - ADDED ENTRY--PERSONAL NAME
Personal name Bell, Henry Bradley,
942 ## - ADDED ENTRY ELEMENTS (KOHA)
Source of classification or shelving scheme Dewey Decimal Classification
Koha item type Books
Holdings
Source of classification or shelving scheme Damaged status Not for loan Home library Current library Shelving location Total Checkouts Full call number Barcode Date last seen Copy number Koha item type
Dewey Decimal Classification     JCC Rouf Library JCC Rouf Library General Stacks   669/.96/1 BOD 1972 10871 02/20/2018 C - 1 Books

JCC Library | Contacts | JCC Home

Last Update on 23 September 2017
Copyright @ 2017-2020 JCC Rouf Library
Rouf Library, Jhenidah Cadet College (JCC), Bangladesh